Normas globales de auditoría interna : (Registro nro. 22024)

Detalles MARC
000 -Cabecera
Campo de control interno 01315nam a2200265Ia 4500
005 - Fecha y hora del registro
control field 20260327112403.0
008 - Elementos de Longitud Fija
fixed length control field 260320s9999||||xx |||||||||||||| ||und||
020 ## - ISBN
ISBN 9786123226398
041 ## - Idioma
Codigo Idioma ESP
082 ## - DEWEY y NOTACIÓN INTERNA
Dewey 657.45
Notación Interna V49
100 ## - AUTOR
Autor denominación Vergara Silva, Mario Miguel,
Término de relación autor
245 #0 - TÍTULO DE MATERIAL BIBLIOGRÁFICO
Título Normas globales de auditoría interna :
Título paralelo aplicación práctica
250 ## - EDICIÓN
Edición Primera edición
260 ## - CIUDAD, EDITORIAL, AÑO
Ciudad Lima :
Nombre de la Editorial Instituto Pacífico,
Año 2025
300 ## - DESCRIPCIÓN
N° Páginas 461 páginas :
Otros detalles fotografías, cuadros ;
Dimensiones 25 cm.
650 ## - TEMAS
Temas Tecnología (Ciencias Aplicadas)
653 ## - DESCRIPTORES
Lenguajes no controlado Auditoria interna - Normas; Control interno; COSO ERM; Auditores - Ética profesional
654 ## - PROGRAMAS
Programa Dpto. de Contabilidad
856 ## - URL - UBICACIÓN
URI/URL: Enlace exacto del recurso <a href="https://itmsp.museknowledge.com/UCSP?url=https://www.ebooks7-24.com:443/?il=8830&pg=1">https://itmsp.museknowledge.com/UCSP?url=https://www.ebooks7-24.com:443/?il=8830&pg=1</a>
Nota pública: Versión digital <a href="Véase además: Auditoría interna por Carmen Karina Tapia Iturriaga. Versión digital">Véase además: Auditoría interna por Carmen Karina Tapia Iturriaga. Versión digital</a>
856 ## - URL - UBICACIÓN
URI/URL: Enlace exacto del recurso <a href="https://0u213uci5-y-https-ebooks7--24-com.itmsp.museknowledge.com/biblioteca.aspx">https://0u213uci5-y-https-ebooks7--24-com.itmsp.museknowledge.com/biblioteca.aspx</a>
Nota pública: Versión digital <a href="Véase además: Base de datos Ebook7-24">Véase además: Base de datos Ebook7-24</a>
856 ## - URL - UBICACIÓN
URI/URL: Enlace exacto del recurso <a href="https://0u21cucjw-y-https-www-legismovil-pe.itmsp.museknowledge.com/interm/InterUCSanPablo.htm">https://0u21cucjw-y-https-www-legismovil-pe.itmsp.museknowledge.com/interm/InterUCSanPablo.htm</a>
Nota pública: Versión digital <a href="Véase además: Base de datos LegisMóvil">Véase además: Base de datos LegisMóvil</a>
856 ## - URL - UBICACIÓN
URI/URL: Enlace exacto del recurso <a href="https://0u219nv5q-y-https-legal-legis-com-pe.itmsp.museknowledge.com/home/Corporativo">https://0u219nv5q-y-https-legal-legis-com-pe.itmsp.museknowledge.com/home/Corporativo</a>
Nota pública: Versión digital <a href="Véase además: Base de datos Multilegis">Véase además: Base de datos Multilegis</a>
942 ## - ELEMENTOS DE KOHA
Tipo de documento Libro
Nombre del creador Justo Noguera
Código de catalogador Margarita Torres
Esquema de clasificación Dewey Decimal Classification
Existencias
Codigo completo Registro Colección Copia número Disponibilidad Tipo de préstamo Biblioteca Actual Procedencia (Biblioteca) Ubicacón Fecha Ingreso Tipo de Adquisición Observación Date last seen Total checkouts Price effective from Tipo de Item Estado del Material Fuente de Clasificación Damaged status Withdrawn status
657.45 V49 1087250 Universidad Católica San Pablo 1 Disponible Disponible Víctor Andrés Belaunde Víctor Andrés Belaunde Primer piso 10/03/2026 Suscripción Contabilidad 20/03/2026   20/03/2026 Libro Bueno Dewey Decimal Classification